Match the Landmarks to the Country - Statistics

General Stats
  • This quiz has been taken 18 times
  • The average score is 28 of 32
Answer Stats
Monument Country % Correct
Christ the Redeemer Brazil
100%
Great Wall of ___ China
100%
Pyramids of Giza Egypt
100%
Eiffel Tower France
100%
Taj Mahal India
100%
Colosseum Italy
100%
Mt. Everest Nepal/China
100%
Machu Picchu Peru
100%
The Kremlin Russia
100%
Stonehenge United Kingdom
100%
Niagara Falls United States/Canada
100%
Sydney Opera House Australia
93%
Brandenburg Gate Germany
93%
Leaning Tower of Pisa Italy
93%
Pompeii Italy
93%
Mount Fuji Japan
93%
Big Ben United Kingdom
93%
Statue of Liberty United States
93%
Petra Jordan
86%
Mount Rushmore United States
86%
Mont-Saint-Michel France
79%
Acropolis Greece
79%
Chichén Itzá Mexico
79%
Matterhorn Switzerland
79%
Burj Khalifa United Arab Emirates
79%
St. Peter's Basilica Vatican City
79%
Uluru Australia
71%
Easter Island Chile
71%
Table Mountain South Africa
71%
Sagrada Familia Spain
71%
Angkor Wat Cambodia
64%
Victoria Falls Zimbabwe/Zambia
57%
No matching quizzes found
Score Distribution
Percent of People with Each Score
Percentile by Number Answered
Your Score History
You have not taken this quiz